000 00528nam a2200169 i 4500
001 98046
003 ES-MaACL
005 20230906182215.0
007 t|
008 050721s1969 sp ||||1| spa d
100 1 _aMarlowe, Stephen.
_976939
245 1 3 _aLa maldición de los Kennedy /
_cpor Stephen Marlowe; [traducción Alberto Martín Gómez].
260 _aMadrid :
_bIbérico Europea,
_c1969.
300 _a207 p., 6 lám. ;
_c22 cm.
700 1 _aMartín Gómez, Alberto.
_977511
852 _aES-MaACL
_jC-38743
_bR.70532
999 _c98046
_d98046